Equipos de la UEFA Champions League 2024 - Estadísticas

Estadísticas generales
  • Esta prueba ha sido intentada 506 veces
  • La puntuación promedio es 23 de 32
Estadísticas de respuestas
Grupo Team % Correcto
C Real Madrid
99%
H FC Barcelona
98%
E Atlético de Madrid
95%
G Manchester City
95%
A Bayern Munich
94%
F Paris Saint Germain
93%
F AC Milan
92%
D Inter Milan
92%
F Borussia Dortmund
89%
A Manchester United
85%
B Arsenal
81%
H Porto
80%
C Napoli
76%
F Newcastle United
76%
B Sevilla FC
76%
D SL Benfica
76%
G RB Leipzig
72%
D Real Sociedad
70%
B PSV Eindhoven
68%
A Galatasaray
61%
A Copenhague
58%
E Lazio
58%
C Union Berlin
54%
E Celtic
53%
B RC Lens
53%
E Feyenoord
52%
C S.C. Braga
49%
H Royal Antwerp
48%
G Young Boys
48%
G Estrella Roja
42%
H Shakhtar Donetsk
38%
D RB Salzburgo
37%
No se encontraron pruebas coincidentes
Distribución de puntuación
Porcentaje de gente con cada puntuación
Porcentaje por número respondido
Historial de tus puntuaciones
No has intentado esta prueba.